Liedtext - Trostpreis - Alligatoah - Statistiken

Allgemein
  • Dieses Quiz wurde 95 mal gespielt
  • Das Durchschnittsergebnis liegt bei 358 aus 491
Antwortstatistiken
Antwort % Korrekt
du
99%
Du
99%
der
97%
Der
97%
nur
97%
Trostpreis
97%
bist
96%
ich
96%
Ich
96%
ich,
96%
es
94%
mir
94%
so
94%
so,
94%
So
94%
da
91%
Da
91%
leid
91%
tut
90%
den
89%
Wenn
89%
wenn
89%
immer,
87%
Immer,
87%
is
87%
is'
87%
Mond
87%
und
87%
Und
87%
an
86%
denk
86%
Denk
86%
die
86%
Die
86%
die,
86%
scheint
86%
ist
84%
Schatz,
83%
noch
81%
dein'
80%
dein
80%
ein
80%
in
80%
nach
80%
dir
79%
damals
77%
das
77%
oben
77%
wir
77%
Doch
76%
doch
76%
Luft
76%
zu
76%
nich'
74%
nich
74%
nicht
74%
nicht,
74%
deine
73%
entflogen
73%
ma'
73%
mein'
73%
schön,
73%
schön
73%
für
71%
hab
71%
hab,
71%
'ne
71%
dass
70%
Er
70%
wie
70%
Aber
69%
eine
67%
sind
67%
Was
67%
was
67%
dich
66%
hast
66%
kann,
66%
kann
66%
Kleid
66%
meine
66%
Mit
66%
mit
66%
muss
66%
als
64%
Als
64%
deinen
64%
man
64%
Man
64%
geb
63%
haben
63%
Haben
63%
ja,
63%
ja
63%
lieb
63%
los?
63%
oh,
63%
schmeichelt
63%
Zähnen
63%
am
61%
Gesicht
61%
goldenes
61%
hat
61%
schau
61%
Schau,
61%
alles
60%
besser
60%
Leben
60%
mach
60%
machen
60%
schöne
60%
störend
60%
andere
59%
auch
59%
Augen
59%
Essen
59%
Face
59%
ins
59%
intelligenter
59%
lassen
59%
sollte
59%
Tage
59%
war
59%
wusste
59%
zusamm'
59%
ander'n,
57%
aus
57%
aus,
57%
gut
57%
hübsch
57%
Keine
57%
keine
57%
klein
57%
mal
57%
mei'm
57%
musst
57%
Regenbögen
57%
verbrachten
57%
wenigstens
57%
Zeit
57%
Ansprüche
56%
Brüsten,
56%
dreißig
56%
erzähl'n
56%
geboren
56%
gesagt
56%
großen
56%
hohe
56%
holde
56%
Kilo
56%
Modepüppchen
56%
Strand
56%
Toaster
56%
zunimmst
56%
anstrengend
54%
bisschen
54%
Ding
54%
hätt
54%
lagen
54%
siehst
54%
so'n
54%
wirst
54%
zur
54%
bange
53%
bestimmt
53%
direkter
53%
eigenen
53%
festgestellt
53%
Komplimente
53%
Maid
53%
Style,
53%
Urlaub,
53%
versteh'n
53%
bei
51%
Freundin
51%
jede
51%
Nein,
51%
paar
51%
Pony-Ranch
51%
Schließ
51%
versucht,
51%
Faust
50%
geschaffen
50%
geschminkt
50%
Girl,
50%
lieber
50%
möchte
50%
Mom
50%
Nacht
50%
schläfst,
50%
seiner
50%
blau
49%
Deshalb
49%
frisst
49%
Fuhren
49%
geh
49%
Kumpel
49%
Ach
47%
Ach,
47%
Arm'
47%
Handküsse
47%
länger
47%
lehn
47%
Lieg
47%
Scheiße
47%
zurück,
47%
fick
46%
heute
46%
hier
46%
jetz'
46%
Million
46%
besorgt
44%
billig
44%
Darling,
44%
Drogen
44%
Engel
44%
kennst
44%
Neue,
44%
Frauen
43%
genommen
43%
gibt's
43%
halt
43%
hatten
43%
wach
43%
Fliegen
41%
Städten
41%
Teufel
41%
Angst,
40%
Not
40%
Baby
39%
echt
39%
Recht,
39%
tausend
39%
verlass'
39%
fort
37%
gedacht,
37%
gute
36%
ohne
36%
wirklich
36%
Zeiten
36%
Lausemädchen,
34%
Einem
33%
halb
33%
Timi
31%
wild
31%
Mädchen
30%
Stimmt,
29%
kriegen
27%
nimmt,
27%
Hey,
26%
Gaul...
23%
geschenkten
23%
guckst
23%
laufe
21%
komisch,
20%
Keine übereinstimmenden Quizze gefunden
Verteilung der Resultate
Anzahl Personen mit jedem Resultat
Perzentil nach korrekt beantworteten Fragen
Ihre Resultats-Entwicklung
Sie haben dieses Quiz noch nicht gespielt